| 000 | 00850nam a2200253Ia 4500 | ||
|---|---|---|---|
| 003 | OSt | ||
| 005 | 20220926004231.0 | ||
| 006 | a|||||r|||| 00| 0 | ||
| 007 | ta | ||
| 008 | 220923b |||||||| |||| 00| 0 eng d | ||
| 020 |
_a9789380607467 _c675.75 |
||
| 037 |
_b11025, 18/03/2013, Elite Publisher Distributors _cGeneral Book |
||
| 040 |
_aRTL _cRTL _beng |
||
| 041 |
_2eng _aeng |
||
| 082 | _aY:3(M71:7).21, Q3 | ||
| 100 | _aRAMASWAMY Vijaya | ||
| 245 | 0 |
_aSong of the loom _b Weaver folk traditions in South India |
|
| 260 |
_a New Delhi _bPrimus Books _c2013 |
||
| 300 |
_axxi, 131p _ccm. |
||
| 500 | _aAppendix: P 115-118; Bibliography: P 119-126 | ||
| 650 | _aSociology | ||
| 942 |
_hY:3(M71:7).21, Q3 _cGB _2CC |
||
| 999 |
_c610278 _d610278 |
||